[Event "Jermuk FIDE GP"]
[Site "Jermuk"]
[Date "2009.08.16"]
[Round "7"]
[White "Karjakin, Sergey"]
[Black "Akopian, Vladimir Eduardovic"]
[Result "1-0"]
[WhiteElo "2717"]
[BlackElo "2712"]
[Annotator "Marin,M"]
[PlyCount "115"]
[EventDate "2009.08.09"]
[EventType "tourn"]
[EventRounds "13"]
[EventCountry "ARM"]
[EventCategory "19"]
[SourceTitle "CBM 132"]
[Source "ChessBase"]
[SourceDate "2009.09.16"]
[SourceVersion "1"]
[SourceVersionDate "2009.09.16"]
[SourceQuality "1"]

1. e4 e5 2. Nf3 Nc6 3. Bb5 a6 4. Ba4 Nf6 5. O-O Be7 6. Re1 b5 7. Bb3 d6 8. c3
O-O 9. h3 Na5 10. Bc2 c5 11. d4 Qc7 12. Nbd2 cxd4 13. cxd4 Nc6 14. Nb3 a5 15.
Be3 a4 16. Nbd2 Bd7 {This variation has been a frequent guest in top level
tournaments and I have annotated quite a few games where it was played lately.
Black's position looks solid, but the main risk is that he becomes over
extended or face problems defending the e5- and b5-pawns properly.} 17. Nf1 {
The typical Spanish plan of transferring the knight to g3 before undertaking
anything concrete is less popular against this concrete black setup. In fact
Nf1-g3 is played at a slightly later stage.} (17. Rc1 Qb7 (17... Rac8 18. Nf1 {
Leko,P (2747) -Akopian,V (2679)/Elista 2008/CBM 128/[Marin,M] (1/2, 28)} (18.
a3 {Caruana,F (2646)-Klenburg,M (2426)/Budva 2009/CBM 130/[Marin] (1-0, 46)}))
{Earlier in the same tournament, Akopian had faced} 18. Qe2 (18. Nf1 h6 (18...
Rfe8 {Karjakin,S (2732)-Inarkiev,E (2684)/Baku 2008/CBM 124/[Karjakin,S] (1-0,
43)}) 19. Ng3 Rfe8 20. Qd2 {Ivanchuk,V (2786)-Svidler,P (2727)/Nanjing 2008/
CBM 128/[Marin] (1/2, 37)}) 18... Rfe8 19. Bd3 Rab8 20. dxe5 Nxe5 21. Nxe5 dxe5
22. Bc5 Bc6 23. Nf3 {This is one of the cases when delaying Nf1 is justified.
The pressure against e5 looks unpleasant, but Black will find ways to regroup
properly.} Nd7 24. Bxe7 Rxe7 25. Rc3 Nf8 $1 {[%cal Gf7f6,Gf8e6,Gc6e8,Ge8f7]
The start of a very effective regrouping, aimed at covering all the important
central squares.} 26. Rec1 Be8 27. b4 f6 28. a3 Ne6 29. Bb1 Rd8 30. Ba2 Bf7 {
Despite his seemingly more active position, White failed to get anything
concrete in Alekseev,E (2714)-Akopian,V (2712)/Jermuk 2009 (1/2, 47).}) 17...
Rfe8 18. Ng3 Nb4 $146 {This looks like a good novelty. Once the enemy knight
has been transferred away from the queenside, Black feels ready to start
active operations on this area himself.} (18... Rac8 19. Re2 Qb7 20. b3 $5 {
Ivanchuk,V (2730)-Kamsky,G (2745)/Amsterdam 1996/CBM 055/[Tisdall] (1/2, 41)})
19. Bb1 a3 20. bxa3 Rxa3 21. Bc1 {White regroups with gain of time, aiming to
increase the pressure against e5.} Ra4 22. Bb2 Bf8 23. Qe2 Qb8 24. a3 Nc6 25.
Bc2 Ra7 {The opening is over and Black does not seem to have anything to
complain about.} 26. d5 {An interesting decision. White blocks the position
without causing the slightest lack of coordination in Black's camp. In doing
so, he relies on the fact that the weakness of the a- and b-pawns compensate
for each other, while his space advantage in the centre offers him a long term
advantage. Eventually, his strategy will prevail, although probably only as a
consequence of Black's mistakes at a later stage.} Na5 27. Bc3 Qa8 28. Bb4 Nc4
{Both sides have occupied the most important queenside squares. For the time
being, White has to defend the a3-pawn.} 29. Ra2 Rc8 {Renewing the threat.} (
29... Nxa3 $2 30. Rea1 $18) 30. Bd3 {The bishop had to be evacuated from c2 in
view of the threat 30...Nxa3 31.Rea1 Rxc2!} Ra4 (30... Nxa3 $2 31. Rea1 $18)
31. Rea1 {Finally, White defends the pawn by direct means, parrying the threat
31...Nxa3 32.Rea1? Rxb4} g6 {Once he has completed his queenside mobilization,
Black uses the available tempo for a consolidating move. He restricts the
g3-knight and prepares ...h5 or ...f5 as a future project.} ({An alternative
plan would be} 31... Qb8 {, over-defending the d6-pawn in order to transfer
the dark-squared bishop to b6} 32. Nd2 Nxd2 33. Qxd2 Be7 34. Ne2 Ra7 35. Rc1
Rxc1+ 36. Qxc1 Bd8) 32. Nd2 $1 {White exchanges Black's most active piece.
Starting with this move, a new migration of forces towards the queenside is
initiated.} Nxd2 33. Qxd2 Ne8 34. Ne2 Ra7 35. Rc1 {White plans a new
regrouping, aimed to preserve the b4-bishop from an undesired exchange.} (35.
Nc3 Nc7 36. Rb1 Rb8 {[%cal Gc7a6]}) 35... Rxc1+ 36. Qxc1 Nc7 37. Bd2 Na6 38.
Nc3 b4 39. axb4 Nxb4 40. Rxa7 Qxa7 41. Bf1 {Finally, the queenside pawns have
been exchanged and White preserves a microscopic advantage because of the
relative weakness of the d6-pawn. However, the most probable result seems to
be a draw.} h5 {After the moment before ...g6, this is the second time when
Black has a tempo for himself. Akopian's decision looks justified
strategically. He has not sufficient pieces on the kingside to dream of an
effective blockade on dark squares with ...h4, but preventing a white
expansion based on g4 may be useful.} 42. Qb2 Qc5 43. Be3 Qa5 44. Nb1 Qa4 45.
Nc3 Qa5 46. Nb1 Qa4 47. Na3 Na6 48. Qb6 (48. Qb7 Qxa3 49. Qxd7 Nc5 50. Qc8 Qa7
51. f3 (51. Bh6 Qe7) 51... Kg7 {looks quite safe for Black. In the absence of
queens, the pair of bishops could become dangerous, but the way it is, White
cannot activate his king easily.}) 48... Qxa3 49. Bxa6 (49. Qd8 {is tempting,
but ineffective.} Qa4 $1 (49... Kg7 $2 50. Bh6+ Kxh6 51. Qxf8+ Kg5 52. Qxf7 Qa4
53. h4+ $1 Kh6 54. Qg8 $18) 50. Bxa6 (50. Bh6 Be8 51. Bxf8 Kxf8 52. Qxd6+ Kg7
53. Qxa6 Qxe4 $11) 50... Qxa6 51. Qxd7 Qa8 (51... Kg7 52. Qd8 $1 $16) 52. Kh2
Qb8 53. Bg5 Kg7 54. f3 Kg8 {Black's position is very passive, but it is hard
to suggest a constructive plan for White.}) 49... Qa4 50. Kh2 (50. Qd8 {
transposes above}) 50... f5 $6 {This third kingside pawn move, played in a
third moment of "respiro", weakens the king's position and causes some
troubles.} (50... Qxe4 51. Qd8 Qa4 52. Bh6 Be8 53. Bxf8 Qf4+ $1 (53... Kxf8 54.
Qxd6+ Kg8 55. Qxe5 $16) 54. Kg1 Kxf8 55. Qxd6+ Kg7 $11) 51. Bg5 Qxe4 $2 {
But this is just losing.} (51... fxe4 52. Qd8 Qxa6 53. Qxd7 {looks awfully
dangerous for Black, but maybe he can hold on:} Bg7 (53... Qa8 $5) 54. Qe8+ Kh7
55. Qe7 Kg8 56. h4 Qa3 57. Bf6 Bxf6 58. Qxf6 Qc5 (58... Kh7 59. Qf7+ Kh6 60.
Qg8 Qa7 61. Qh8+ Qh7 62. Qf8+ Qg7 63. Qxd6 $18) 59. Qxg6+ Kf8 60. Qh6+ {
Forcing the king to go on to a relatively unfavourable square.} Ke7 {
Relatively best.} (60... Kg8 $6 61. Qxh5 Qxd5 62. Qg6+ Kh8 63. h5 $16) 61. Qxh5
Qxd5 62. Qg5+ Kf7 63. h5 Qe6 64. g4 Qf6 65. Qxf6+ Kxf6 66. h6 d5 67. g5+ Kg6
$11) 52. Qd8 $18 Qa4 53. Bb7 $1 {Possibly, the manoeuvre missed by Akopian.}
Be8 54. Bc6 Bxc6 55. dxc6 Qxc6 56. Bh6 Kf7 57. Qxf8+ Ke6 58. Qg8+ 1-0

[Event "FIDE World Cup"]
[Site "Khanty-Mansiysk"]
[Date "2005.12.01"]
[Round "2.2"]
[White "Kotronias, Vasilios"]
[Black "Shirov, Alexei"]
[Result "0-1"]
[WhiteElo "2626"]
[BlackElo "2710"]
[Annotator "Marin,M"]
[PlyCount "90"]
[EventDate "2005.11.27"]
[EventType "k.o."]
[EventRounds "7"]
[EventCountry "RUS"]
[SourceTitle "CBM 111"]
[Source "ChessBase"]
[SourceDate "2006.04.04"]
[SourceVersion "1"]
[SourceVersionDate "2006.04.04"]
[SourceQuality "1"]

1. e4 e5 2. Nf3 Nc6 3. Bb5 a6 4. Ba4 Nf6 5. O-O Be7 6. Re1 b5 7. Bb3 d6 8. c3
O-O 9. h3 Na5 10. Bc2 c5 11. d4 Qc7 12. Nbd2 cxd4 13. cxd4 Rd8 14. Nf1 {
This is the modern treatment of the variation. White transfer the knight to g3
as soon as possible, without spending time on b3 and Bb2.} exd4 15. Ng3 Nc6 16.
Bb3 {This is Kotronias' favourite.} ({The main alternative is} 16. Bf4) 16...
Qb6 {Black intends to defend his pawn for as long as possible. It is clear
that he will eventually lose it, but on the way White might have to make some
concessions.} ({The more radical} 16... d5 {seems to be playable, too:} 17. e5
Ne4 18. Nxe4 dxe4 19. Rxe4 Bf5 20. Rf4 Bg6 $13 {0-1 Lim,P-Viaggi,G/IECC email
1998/E-Mail 2000 (49)}) 17. Bf4 (17. Nh4 {looks like a premature attack.} g6
18. Bg5 Ne5 19. f4 $2 Nfg4 $1 (19... Nc4 $13 {0-1 Martin Perez,J (2223)-Baron
Rodriguez,J (2409)/Seville 2004/CBM 101 ext (42)}) 20. hxg4 Bxg5 21. fxg5 d3+
22. Kh1 (22. Kf1 Nxg4 {[%csl Gf1][%cal Yb6f2,Yg4h2]}) 22... Qf2 $17 {[%csl Gg3,
Gh4]}) 17... Na5 $146 ({This is a radical move, aiming to immediately
eliminate the bishop that caused Black some troubles in Kotronias' previous
game in this variation.} 17... h6 18. Rc1 Bd7 19. Bd5 Rac8 20. Bxc6 Rxc6 21.
Rxc6 Bxc6 22. Nxd4 Bb7 23. Ndf5 (23. Be3 $1 Qa5 24. Ndf5 Bf8 25. Bd4 $14) 23...
Bf8 24. Be3 Qc6 25. Bd4 d5 $132 {1/2-1/2 Kotronias,V (2568)-Kazhgaleyev,M 
(2561)/Cappelle la Grande 2002/CBM 086 ext (68)}) 18. Nxd4 Nxb3 19. axb3 {
This looks risky from strategic point of view. White creates himself permanent
weaknesses just for the sake of maintaining his knight in the centre.} ({
WHite would have maintained some chances for a minimal advantage with} 19. Nxb3
{for instance} d5 20. e5 (20. Qd4 Qxd4 21. Nxd4 dxe4 $11) 20... Ne4 21. Qf3 {
[%csl Rb6,Gc5,Gd4][%cal Yf4e3,Ya1c1] /\Be3}) 19... d5 20. e5 Ne4 21. Nge2 {
It appears that White has some problems consolidating his central knight in
view of the threat Bc5..} ({In case of} 21. Qd3 Bc5 22. Nge2 {Black would have
time already for} f6 $132) 21... Bd7 22. Be3 Qb8 23. f3 Nc5 24. Bf4 Qb6 {
I suppose that at this stage of the game Shirov had nothing against a draw,
since he had won the first game of the match.} 25. Be3 ({If White had played} 
25. b4 {at this moment, Black should have reacted with} Ne6 ({Now, the game
continuation} 25... Na4 26. b3 Bxb4 {is less favourable because the e5-pawn is
defended.]}) 26. Qd2 {(White has no time to save the bishop because the
b4-pawn is hanging)} Nxf4 27. Nxf4 Bg5 {and now White has problems getting out
of this pin, for instance} 28. Nxd5 $2 Bxd2 29. Nxb6 Bxe1 30. Nxa8 Bxb4 31. Nc7
Bc5 32. Rd1 Be6 $19) 25... Qb8 26. b4 $6 {Probably underestimating Black's
reply.} ({More consistent seems to be} 26. f4 b4 $13) 26... Na4 $1 27. b3 Bxb4
28. bxa4 Bxe1 29. Qxe1 Qxe5 $15 {Materially speaking, Black stands not worse,
while his pieces are quite active. WHite's main trump is the excellent control
on dark squares, but this hardly offers him active possibilities.} 30. Bf4 Qf6
31. a5 Re8 32. Rd1 Rac8 33. Qd2 Rc4 34. Bg3 b4 35. Kh2 h6 36. Rb1 Qd8 37. Ra1
Qg5 38. Nf4 Qf6 39. Nb3 d4 40. Nd3 Rc3 41. Ndc5 Bc6 42. Rb1 Bxf3 43. Nxd4 Bd5
44. Rxb4 Rxc5 45. Rb6 Qf1 0-1

[Event "Sao Paulo zt 2.4"]
[Site "Sao Paulo"]
[Date "2001.??.??"]
[Round "5"]
[White "Soto Vega, Jorge"]
[Black "Matsuura, Everaldo"]
[Result "1-0"]
[WhiteElo "2386"]
[BlackElo "2467"]
[Annotator "Melao,H"]
[PlyCount "81"]
[EventDate "2001.06.07"]
[EventType "tourn"]
[EventRounds "9"]
[EventCountry "BRA"]
[EventCategory "8"]
[SourceTitle "CBM 082 Extra"]
[Source "ChessBase"]
[SourceDate "2001.07.03"]
[SourceVersion "1"]
[SourceVersionDate "2001.07.03"]
[SourceQuality "1"]

1. e4 e5 2. Nf3 Nc6 3. Bb5 a6 4. Ba4 Nf6 5. O-O Be7 6. Re1 b5 7. Bb3 d6 8. c3
O-O 9. h3 Na5 10. Bc2 c5 11. d4 Qc7 12. Nbd2 {essa й provavelmente uma das
variantes mais populares da história do Xadrez.} cxd4 13. cxd4 Bb7 14. d5 Rac8
15. Bb1 Nh5 16. a4 $5 (16. Nf1 Nf4 17. Kh2 (17. Ng3 Bf6 18. Qd2 Nc4 19. Qb4 g6
20. a4 bxa4 21. Rxa4 Bg7 22. Nf1 a5 23. Qb3 Ba6 24. Ra1 Qc5 25. Qd1 Qb5 26. g3
Nxh3+ 27. Kg2 Qd7 28. N1h2 Rb8 29. b3 Nb6 30. Rxa5 Bc8 31. Rh1 h5 32. Qe2 Bf6
33. Be3 Kg7 34. Qd2 Rh8 35. Bd3 h4 36. Rb5 hxg3 37. fxg3 Bd8 38. g4 Ba6 39. Rb4
Bxd3 40. Qxd3 Nxd5 41. Qxd5 Rxb4 42. Nxe5 Qe6 43. Nc4 Rxb3 44. Qxe6 fxe6 45.
Rd1 Be7 46. Nf3 e5 47. Ra1 Rb4 48. Nfd2 Rb7 49. Ra6 Nf4+ 50. Bxf4 exf4 51. Nxd6
Bxd6 {Bologan,V-Qin Kanying/Shanghai 2000/CBM 76/1/2-1/2 (72)}) (17. Ne3 Qxc1
18. Qxc1 Ne2+ 19. Kf1 Nxc1 20. Bc2 Rxc2 21. Rd1 Rc7 {0-1 Grana,J-Fernandez
Saavedra,J/La Coruna 1999/EXT 2001 (21)}) 17... g6 (17... f5 18. Ng3 fxe4 19.
Bxe4 Bf6 20. Ne2 Nxe2 21. Rxe2 Nc4 22. Qd3 h6 23. a4 Nb6 24. axb5 axb5 25. Be3
Nc4 26. Ba7 Bd8 27. Bf5 Rxf5 28. Qxf5 Qf7 29. Qe6 Ra8 30. b3 Na5 31. Be3 Bxd5
32. Qxf7+ {Gambit Tiger 1.0-Gandalf 4.32g/Cadaques ESP 2001/The Week in Chess
324/1-0 (78)}) (17... Qd7 18. Ng1 Nc4 19. g3 Ng6 20. b3 Nb6 21. Ne3 Bd8 22. Ne2
Ne7 23. g4 Ng6 24. Nf5 Nh4 25. Qd3 g6 26. Bh6 gxf5 27. gxf5 Bf6 28. Rg1+ Kh8
29. Bxf8 Rxf8 30. Bc2 Qd8 31. Rg4 Bg5 32. Rag1 {Van Riemsdijk,H-Matsuura,E/
Curitiba 1992/EXT 2000/1-0 (46)}) 18. g3 Nh5 19. Bh6 Ng7 20. g4 Nc4 21. Qe2 Nb6
22. Ne3 Bf6 23. Bd3 Rb8 24. b3 Bc8 25. a4 Bd7 26. axb5 axb5 27. Rec1 Qb7 28.
Bxb5 Bxb5 29. Qxb5 Nd7 30. Qxb7 Rxb7 31. Nd2 Nc5 32. Rc3 Rfb8 33. Ra3 Ne8 34.
Nec4 g5 35. Na5 Ra7 36. h4 Rb4 37. hxg5 Bd8 38. Rc4 Rxa5 39. Rxb4 Rxa3 40. Rb8
Be7 41. g6 fxg6 42. Rxe8+ Kf7 43. Rb8 Ra2 44. Be3 Bh4 45. Kg1 Nd3 46. Nc4 Bxf2+
47. Bxf2 Nxf2 48. Nxd6+ Ke7 49. Nf5+ Kd7 50. Rb7+ Kd8 {Zielinski,M-Chachaj,T/
Porabka 1986/EXT 97/1-0 (82)}) (16. Nb3 Nxb3 17. axb3 g6 18. Bh6 Rfe8 19. Be3
Qd7 20. Kh2 Bf8 21. Nd2 Bg7 22. g3 Qe7 23. b4 Rf8 24. Ra3 Qe8 25. Nf3 Rc7 26.
Bb6 Rc8 27. Nh4 Kh8 28. Be3 Qd7 29. Bd3 Nf6 30. Rg1 Ng8 {Ivanchuk,V-Timman,J/
Horgen 1995/CBM 50/1/2-1/2 (56)}) 16... Nf4 17. axb5 axb5 18. Nf1 Ra8 19. Kh2
Qd7 20. b3 Bd8 21. Ne3 Bb6 22. Bd2 Ra7 23. Ng1 (23. Nf5 $5 g6 24. Bxf4 exf4 25.
N5d4 $14) 23... Bc8 24. Ra2 Nb7 25. Rxa7 Bxa7 26. b4 $1 {[%csl Ya5,Rb7,Yc5]} g6
27. Qf3 f5 $2 28. exf5 gxf5 {[%tqu "En","Qual o melhor lance para as Brancas?",
"","","e1c1","",1,"b1f5","",10]} 29. Rc1 $2 (29. Bxf5 $1 Rxf5 30. Nxf5 Qxf5 31.
Bxf4 exf4 (31... Qxf4+ 32. Qxf4 exf4 33. Re8+ $18 {[%cal Ye8g8,Ye8c8]}) 32. Qc3
$1 {[%csl Ra7,Rb7,Rc8,Rg8]} Kf7 33. Rc1 $18 {ganhando material.}) 29... Bxe3 $2
(29... Qf7 $142) 30. Bxe3 Ng6 $8 31. Bh6 Re8 32. Ne2 (32. Rxc8 Qxc8 (32... Rxc8
33. Bxf5 Qc7 34. Be6+ Kh8 35. Qf6+) 33. Bxf5 Qc7 34. Be6+ Rxe6 35. dxe6 $18)
32... Qf7 33. Ng3 Nh4 34. Qe2 Qg6 35. Qxb5 Rd8 36. Rxc8 Rxc8 37. Qxb7 Re8 38.
Qd7 e4 39. Bf4 (39. Bg5 $142 $1 {[%csl Rh4]}) 39... Qf7 40. Qxd6 Ng6 41. Nh5
1-0

[Event "Rohde op 10th"]
[Site "Sautron"]
[Date "2010.10.28"]
[Round "7"]
[White "Stets, Dmitry"]
[Black "Marholev, Dimitar"]
[Result "1/2-1/2"]
[WhiteElo "2454"]
[BlackElo "2407"]
[Annotator "Primel,D"]
[PlyCount "50"]
[EventDate "2010.10.23"]
[EventType "swiss"]
[EventRounds "9"]
[EventCountry "FRA"]
[SourceTitle "EXT 2012"]
[Source "ChessBase"]
[SourceDate "2011.11.24"]
[SourceVersion "1"]
[SourceVersionDate "2011.11.24"]
[SourceQuality "1"]

1. e4 e5 2. Nf3 Nc6 3. Bb5 a6 4. Ba4 Nf6 5. O-O Be7 6. Re1 b5 7. Bb3 d6 8. c3
O-O 9. h3 Na5 10. Bc2 c5 (10... d5 $5 {L'idée intéressante du vainqueur du
tournoi mais il faut noter que le polonais semble avoir renoncé а la jouer
selon les bases.} 11. d4 dxe4 {Kononenko,D (2502)-Gajewski,G (2575) Pardubice
Chladek&Tintera op-A 19th 2008 (7) 1/2}) 11. d4 Qc7 12. Nbd2 cxd4 13. cxd4 Bb7
(13... Nc6 {La grande ligne}) 14. Bd3 {une variante secondaire mais c'est
plutôt une interversion de coups et après 15.d5, la partie retombe dans les
grandes lignes.} (14. Nf1 $142) (14. d5 $142) 14... Rac8 15. d5 {[%csl Ra5,Rb7,
Gc6]} Nd7 {[%cal Gf7f5,Gd7c5]} 16. Nf1 (16. g4 $5 {[%csl Gf5][%cal Gd2f1,Gf1g3,
Gf1e3,Ge3f5,Gg3f5];Kokarev,D (2579)-Mastrovasilis,A (2524) EU-ch 9th Plovdiv
2008 (9) 1-0}) 16... Nc5 {f5 est plus courant} (16... f5 {Matanovic,A-Geller,E
URS-YUG Zagreb 1958 (1) 0-1}) 17. Ne3 (17. b3 $142 $5 {[%csl Ra5]} f5 18. exf5
Bxd5 19. Be2 $14 {Sax,G (2610)-Tseshkovsky,V (2520) Hoogovens Wijk aan Zee
1989 (8) 1-0}) 17... Nxd3 (17... g6 $5 {[%cal Gf7f5]}) 18. Qxd3 Nc4 (18... g6
$5) 19. Nf5 $1 g6 20. Nh6+ $146 ({RR} 20. Nxe7+ Qxe7 21. b3 Nb6 22. Bh6 Rfe8
23. Ng5 Nd7 {1/2-1/2 Aronin,L-Krogius,N/Leningrad 1957/MCD}) 20... Kh8 (20...
Kg7 21. b3 Nb6 22. Ng4 $36 {[%csl Rf8][%cal Gc1h6,Gh6f8]}) 21. b3 Nb6 22. Ng5 (
22. Be3 $5 $16 {[%cal Ga1c1,Gc1c7]}) 22... Bxg5 23. Bxg5 f6 24. Bd2 (24. Rac1
Qe7 (24... Qg7 25. Be3 Nd7 26. Ng4 {[%cal Ge3h6]}) 25. Be3 Nd7 26. f3 Nc5 27.
Qd2 $36 {[%csl Rb7]}) 24... Nd7 25. Rac1 Nc5 1/2-1/2

[Event "OHRA-B"]
[Site "Amsterdam"]
[Date "1990.??.??"]
[Round "5"]
[White "Martens, Martin"]
[Black "Van Riemsdijk, Herman Claudius"]
[Result "0-1"]
[WhiteElo "2325"]
[BlackElo "2440"]
[Annotator "Schussler,H"]
[PlyCount "152"]
[EventDate "1990.07.??"]
[EventType "swiss"]
[EventRounds "9"]
[EventCountry "NED"]
[SourceTitle "CBM 020"]
[Source "ChessBase"]
[SourceDate "1991.02.01"]
[SourceVersion "1"]
[SourceVersionDate "1991.02.01"]
[SourceQuality "1"]

1. e4 e5 2. Nf3 Nc6 3. Bb5 a6 4. Ba4 Nf6 5. O-O Be7 6. Re1 b5 7. Bb3 d6 8. c3
O-O 9. h3 Na5 10. Bc2 c5 11. d4 Qc7 12. Nbd2 cxd4 13. cxd4 Bd7 14. Nf1 Rac8 15.
Ne3 Nc6 16. d5 Nb4 17. Bb1 a5 18. a3 Na6 19. b4 g6 (19... axb4 20. axb4 Qb7 21.
Bd2 Bd8 22. Bd3 Bb6 23. Qe2 Nc7 24. Nd1 Ra8 25. Nc3 {White has a clear
advantage due to his pressure against Pb5. Hellers-Howell, Reykjavik (open)
1990.}) 20. Bd2 Nh5 21. Kh2 {A new move, but no improvement over 21.Bd3
intending to transfer the B on f1 and put pressure on Pb5.} Nf4 22. Ng1 Qa7 23.
Ra2 f5 $1 {To play for f7-f5 is Black`s only chance to survive in this
variation.} 24. Nf3 fxe4 25. Bxe4 Nc7 26. bxa5 Na6 27. Bb4 Nc5 28. Bb1 Bd8 29.
Rf1 Bxa5 30. Ng5 Bxb4 31. axb4 Na4 32. Ne4 Qb6 33. Rc2 Kg7 34. Qd2 Rxc2 35.
Bxc2 Rc8 36. g3 Nxh3 37. Kg2 Qd4 38. Rd1 Qxd2 39. Rxd2 Nc3 40. Nxd6 Rf8 41. Ne4
Nxe4 42. Bxe4 Ng5 43. Bd3 Kf6 44. Ra2 e4 45. Be2 Ke5 46. g4 h5 47. gxh5 Nh3 48.
Bg4 Nf4+ 49. Kg3 Nxh5+ 50. Bxh5 gxh5 51. Ra7 Rf3+ 52. Kg2 Rf7 53. Kg3 h4+ 54.
Kxh4 Kf4 55. Ng2+ Kf3 56. Ne3 Rg7 57. Ra2 Kf4 58. Kh5 Bf5 59. Nxf5 Kxf5 60. Kh4
Kf4 61. Kh3 Kf3 62. Kh4 Rd7 63. Rd2 Rd6 64. Kg5 e3 65. fxe3 Kxe3 66. Rd1 Ke4
67. Rb1 Rxd5+ 68. Kf6 Rd2 69. Ke6 Kd3 70. Rc1 Rc2 71. Rb1 Rd2 72. Rc1 Rb2 73.
Kd5 Rxb4 74. Rh1 Rg4 75. Kc5 b4 76. Kb5 b3 0-1

[Event "Buenos Aires Najdorf"]
[Site "Buenos Aires"]
[Date "1991.??.??"]
[Round "7"]
[White "Tal, Mihail"]
[Black "Larsen, Bent"]
[Result "1/2-1/2"]
[WhiteElo "2565"]
[BlackElo "2560"]
[Annotator "Schussler,H"]
[PlyCount "102"]
[EventDate "1991.04.??"]
[EventType "tourn"]
[EventRounds "13"]
[EventCountry "ARG"]
[EventCategory "11"]
[SourceTitle "CBM 024"]
[Source "ChessBase"]
[SourceDate "1991.10.01"]
[SourceVersion "1"]
[SourceVersionDate "1991.10.01"]
[SourceQuality "1"]

1. e4 e5 2. Nf3 Nc6 3. Bb5 a6 4. Ba4 Nf6 5. O-O Be7 6. Re1 b5 7. Bb3 d6 8. c3
Na5 $5 {Larsen` s new favourit.} 9. Bc2 c5 10. d4 Qc7 11. h3 (11. Nbd2 Bd7 12.
d5 {CBM 24/game 170.}) (11. a4 c4 12. Nbd2 O-O 13. Nf1 b4 $5 14. cxb4 Nc6 {
CBM 24/game 562.}) 11... Bd7 12. Nbd2 cxd4 13. cxd4 Rc8 14. Bb1 O-O 15. Nf1 Nc6
16. b3 Rfe8 17. Bb2 Bf8 18. Ne3 Qb7 19. Nd5 Nxd5 20. exd5 Nxd4 21. Nxd4 exd4
22. Rxe8 Rxe8 23. Qxd4 Qc8 24. Bd3 Qc5 25. Qh4 f5 26. Rd1 Re7 27. Qf4 Rf7 28.
Be2 Be7 29. Bh5 Rf8 30. Re1 Bd8 31. Qg3 g5 32. Rc1 Qb4 33. Qe3 Qa5 34. Qa7 Qd2
35. Qxd7 Qxb2 36. Re1 g4 37. Bf7+ Kh8 38. Qxd6 Qg7 39. Qxf8+ Qxf8 40. Re8 Qxe8
41. Bxe8 gxh3 42. gxh3 Be7 43. Bd7 f4 44. Kg2 Kg7 45. Kf3 Bd6 46. Bc8 a5 47.
Ba6 b4 48. Bd3 h6 49. Ke4 Kf6 50. Kd4 Be7 51. Be2 Bd6 1/2-1/2

[Event "New York Manhattan"]
[Site "New York"]
[Date "1990.??.??"]
[Round "9"]
[White "Ivanov, Alexander"]
[Black "Brooks, Michael A"]
[Result "1/2-1/2"]
[WhiteElo "2520"]
[BlackElo "2460"]
[Annotator "Schussler,H"]
[PlyCount "71"]
[EventDate "1990.04.??"]
[EventType "tourn"]
[EventRounds "9"]
[EventCountry "USA"]
[EventCategory "10"]
[SourceTitle "CBM 019"]
[Source "ChessBase"]
[SourceDate "1990.12.01"]
[SourceVersion "1"]
[SourceVersionDate "1990.12.01"]
[SourceQuality "1"]

1. e4 e5 2. Nf3 Nc6 3. Bb5 a6 4. Ba4 Nf6 5. O-O Be7 6. Re1 b5 7. Bb3 d6 8. c3
O-O 9. h3 Na5 10. Bc2 c5 11. d4 Qc7 12. Nbd2 cxd4 13. cxd4 Be6 $5 14. Nf1 {
Locical is 14.d5.} Rac8 15. Bd3 Bc4 16. Ng3 (16. Bxc4 Nxc4 17. Ng3 Rfd8 18. b3
Nb6 19. Ba3 $14 {Pachman - Novoteljnov, Moscow 1947}) 16... Bxd3 17. Qxd3 Nc6
18. Bd2 exd4 19. Rac1 Rfe8 20. Nf5 Bf8 21. N3xd4 Qd7 22. Nxc6 Rxc6 $16 23. Bc3
$6 Nxe4 24. Nxg7 Bxg7 25. Rxe4 Rxe4 26. Qxe4 d5 27. Qd3 d4 28. Re1 Re6 29. b3
Qe7 30. Rxe6 Qxe6 31. Bb4 Qg6 32. Qxg6 fxg6 33. Kf1 d3 34. Ke1 Bd4 35. Kd2 Bxf2
36. Kxd3 1/2-1/2